Stolice okręgów Litwy - Statystyki

Ogólne statystyki
  • Ten quiz został rozwiązany 19 razy
  • Średni wynik to 8 z 10
Statystyki odpowiedzi
okręg stolica % Poprawnych
mariampolski Mariampol
100%
wileński Wilno
100%
kłajpedzki Kłajpeda
94%
kowieński Kowno
94%
poniewieski Poniewież
88%
szawelski Szawle
88%
telszański Telsze
56%
uciański Uciana
50%
olicki Olita
44%
tauroski Taurogi
44%
Nie znaleziono quizów pasujących do podanych kryteriów
Rozkład punktacji
Procent ludzi z każdym wynikiem
Percentyl według liczby udzielonych odpowiedzi
Twoja historia wyników
Nie rozwiązałeś tego quizu